[Event "Litomysl op"]
[Site "Litomysl"]
[Date "1995.??.??"]
[Round "5"]
[White "Pejko, Otomar"]
[Black "Piza, Vlastimil"]
[Result "0-1"]
[WhiteElo "2210"]
[BlackElo "2280"]

1.Nf3 Nf6 2.c4 g6 3.g3 Bg7 4.Bg2 O-O 5.O-O d6 6.d4 Nbd7 7.Nc3 e5 8.h3 exd4
9.Nxd4 Re8 10.b3 Nc5 11.Bb2 a5 12.Re1 Bd7 13.Qc2 Qc8 14.Kh2 a4 15.Rad1 axb3
16.axb3 Ra6 17.e4 Rb6 18.f4 c6 19.Ba3 Ra6 20.Bb2 Qc7 21.b4 Ne6 22.Nf3 Bc8
23.Qb3 Ra8 24.e5 dxe5 25.Nxe5 h5 26.Ne4 Nxe4 27.Rxe4 Rd8 28.Rxd8+ Qxd8 29.Nf3 Bxb2
30.Qxb2 Ng7 31.Ng5 Bf5 32.Re3 Be6 33.Nxe6 Nxe6 34.h4 Ng7 35.Bh3 Qd1 36.Qe2 Qb1
37.Qe1 Ra2+ 38.Kh1 Qb2 39.Qg1 Qxb4 40.Re4 Qc3 41.Qe3 Qb2 42.Re7 Qh2+  0-1

[Event "Litomysl op"]
[Site "Litomysl"]
[Date "1995.??.??"]
[Round "7"]
[White "Kolesar, Milan"]
[Black "Shtyrenkov, Veniamen"]
[Result "1/2-1/2"]
[WhiteElo "2240"]
[BlackElo "2455"]

1.c4 Nf6 2.Nf3 g6 3.g3 Bg7 4.Bg2 O-O 5.d4 d6 6.O-O Nc6 7.Nc3 a6 8.d5 Na5
9.Nd2 c5 10.Rb1 Rb8 11.b3 b5 12.Bb2 bxc4 13.bxc4 Bh6 14.Ba1 Rb4 15.Rxb4 cxb4
16.Nce4 Nxe4 17.Nxe4 Nb7 18.Qd4 f6 19.c5 dxc5 20.Nxc5 Nxc5 21.Qxc5 Qd6 22.Qxd6 exd6
23.e3 Bf5 24.Rc1 Bg7 25.Bd4 Rc8 26.Rxc8+ Bxc8 27.Bb6 f5 28.Ba5 Kf7 29.Bxb4 Ke7
30.Bf1 Bb7 31.Bc4 Kd7 32.Kf1 Bf6 33.Ba5 Bb2 34.Ke2 Bg7 35.Kd3 Bf6 36.Bb6 Be7
37.Bb3 Bf6 38.Kc4 Bb2 39.Ba4+ Ke7 40.Bc6 Bc8 41.Bd4 Bxd4 42.Kxd4 Kd8 43.h4 a5
44.f3 h6 45.e4 fxe4 46.fxe4 Ke7 47.e5 Bf5 48.e6 Bg4 49.Kc4 Be2+ 50.Kb3 Bd1+
51.Ka3 g5 52.hxg5 hxg5 53.Bb5 Kd8 54.Bd3 Kc8 55.Kb2 Ba4 56.Bc4 Kd8 57.Ka3 Be8
58.Bd3 Ke7 59.Bc2 Bb5 60.Ba4 Bc4 61.Bb3 Bb5 62.Kb2 Kf6 63.Ka3 Ke7 64.Ba4 Bc4
65.Bb3  1/2-1/2

[Event "Ljubljana op"]
[Site "Ljubljana"]
[Date "1995.??.??"]
[Round "2"]
[White "Loginov, Vladimir"]
[Black "Markun, Bostjan"]
[Result "1-0"]
[WhiteElo "2525"]
[BlackElo "2285"]

1.Nf3 Nf6 2.g3 g6 3.c4 Bg7 4.Bg2 O-O 5.d4 d6 6.O-O Nbd7 7.Qc2 e5 8.Rd1 Re8
9.dxe5 dxe5 10.e4 c6 11.h3 Qc7 12.Be3 Nf8 13.Bc5 N6d7 14.Bd6 Qd8 15.c5 Qf6
16.Nbd2 g5 17.Nc4 Ng6 18.Nh2 Bf8 19.b4 Qg7 20.Ng4 Nf6 21.Nge3 Bxd6 22.Nxd6 Rd8
23.Nef5 Bxf5 24.exf5 Ne7 25.Nxb7 Rdb8 26.Na5 Nfd5 27.Nxc6 Nxc6 28.Bxd5 Nxb4
29.Qe4 Nxd5 30.Rxd5 Re8 31.Rd6 Rac8 32.c6 Qf8 33.Rad1 f6 34.h4 gxh4 35.Qxh4 Red8
36.Rd7  1-0

[Event "POL-chT"]
[Site "Lubniewice"]
[Date "1995.??.??"]
[Round "6"]
[White "Czerwonski, Aleksander"]
[Black "Szymczak, Zbigniew"]
[Result "1/2-1/2"]
[WhiteElo "2360"]
[BlackElo "2345"]

1.Nf3 g6 2.g3 Bg7 3.Bg2 Nf6 4.c4 O-O 5.O-O d6 6.Nc3 e5 7.d3 Nc6 8.Rb1 a5
9.a3 Re8 10.Ne1 Bf5 11.Nc2 Qd7 12.Re1 Bh3 13.Bh1 h5 14.b4 axb4 15.axb4 h4
16.b5 Nd8 17.Bg5 hxg3 18.hxg3 Rb8 19.Bxf6  1/2-1/2

[Event "Lvov"]
[Site "Lvov"]
[Date "1995.??.??"]
[Round "4"]
[White "Buturin, Vladimir"]
[Black "Rogozenko, Dorin"]
[Result "1/2-1/2"]
[WhiteElo "2430"]
[BlackElo "2440"]

1.Nf3 Nf6 2.c4 g6 3.g3 Bg7 4.Bg2 O-O 5.O-O c6 6.d4 d6 7.Nc3 Qa5 8.h3 Be6
9.d5 cxd5 10.Nd4 dxc4 11.Nxe6 fxe6 12.Bxb7 Nbd7 13.Bxa8 Rxa8 14.Bd2 Qh5 15.Kg2 Qc5
16.Rc1 Qc6+ 17.f3 d5 18.Be3 e5 19.Bf2 d4 20.Qa4 Qxa4 21.Nxa4 Rc8 22.Rc2 Nd5
23.Rfc1 N7b6 24.Nxb6 Nxb6 25.Rd1 Nd5 26.Rdc1 Nb6 27.Rd1 Nd5 28.Rdc1 Nb6  1/2-1/2

[Event "Lvov"]
[Site "Lvov"]
[Date "1995.??.??"]
[Round "6"]
[White "Buturin, Vladimir"]
[Black "Yandemirov, Valeri"]
[Result "1-0"]
[WhiteElo "2430"]
[BlackElo "2460"]

1.Nf3 Nf6 2.c4 g6 3.g3 Bg7 4.Bg2 O-O 5.O-O c6 6.d4 d5 7.b3 dxc4 8.bxc4 c5
9.Bb2 Qb6 10.Qb3 Nfd7 11.e3 Nc6 12.Rd1 Na5 13.Qxb6 Nxb6 14.Bc3 Nbxc4 15.dxc5 Bg4
16.Bxg7 Kxg7 17.Nbd2 Rac8 18.Nb3 b6 19.Nxa5 bxa5 20.Rd4 Be6 21.Ng5 Rxc5 22.Nxe6+ fxe6
23.Rc1 Rfc8 24.Rd7 Kf6 25.Rxa7 Nd6 26.Rxc5 Rxc5 27.Bf3 Rb5 28.a4 Rc5 29.Ra6 g5
30.Be2 Ne4 31.Kg2 h6 32.Bg4 Nd6 33.Be2 Rc2 34.Kf1 Rc1+ 35.Kg2 Rc2 36.Kf1 Rc5
37.Kg2 Ne4 38.Bd3 Nc3 39.Bb5 Re5 40.Bd7 Ne4 41.f4 Rd5 42.Rxe6+ Kf7 43.Rxe4 Rxd7
44.Kf3 Rd2 45.h4 gxh4 46.gxh4 Ra2 47.Kg4 Kf6 48.Kh5 Rb2 49.Re5 Rb4 50.Rxa5 Re4
51.Kg4 Rxe3 52.Rf5+ Kg7 53.Re5 Ra3 54.Rxe7+ Kf6 55.Ra7 h5+ 56.Kxh5 Kf5 57.a5 Kxf4
58.a6 Ra5+ 59.Kh6 Kg4 60.Rg7+ Kxh4 61.a7 Ra6+ 62.Kh7 Kh5 63.Kg8 Kh6 64.Kf8 Ra1
65.Rb7 Kg6 66.Ke7 Kf5 67.Kd6 Ke4 68.Kc7 Kd5 69.Kb8  1-0

[Event "Madrid-ch"]
[Site "Madrid"]
[Date "1995.??.??"]
[Round "4"]
[White "Barez, Hector"]
[Black "Roa Alonso, Santiago"]
[Result "0-1"]
[WhiteElo "2260"]
[BlackElo "2345"]

1.Nf3 Nf6 2.c4 g6 3.g3 Bg7 4.Bg2 O-O 5.O-O d6 6.d4 c6 7.Nc3 Qa5 8.h3 Qa6
9.b3 b5 10.cxb5 cxb5 11.Qd3 b4 12.Ng5 bxc3 13.Bxa8 d5 14.Qxc3 h6 15.Nf3 Bxh3
16.Re1 Ne4 17.Qb4 Qe6 18.Qa5 Nc6 19.Bxc6 Qxc6 20.Be3 Qe6 21.Kh2 f5 22.Ng1 f4
23.Nxh3 fxe3 24.f3 Nf2 25.Nxf2 exf2 26.Rf1 Rf5 27.g4 Rf4 28.Rxf2 Bxd4 29.Raf1 Qe5
30.Kg2 Qg5 31.Rg1 Kg7 32.Qb5 Qh4 33.Rff1 Rxg4+ 34.fxg4 Qxg4+ 35.Kh2 Be5+
36.Rg3 Qxg3+ 37.Kh1 Qh2+  0-1

[Event "Madrid-ch"]
[Site "Madrid"]
[Date "1995.??.??"]
[Round "9"]
[White "Barez, Hector"]
[Black "Gallego, Victoriano"]
[Result "1/2-1/2"]
[WhiteElo "2260"]
[BlackElo "2345"]

1.Nf3 Nf6 2.c4 g6 3.g3 Bg7 4.Bg2 O-O 5.O-O d6 6.d4 Nbd7 7.Nc3 e5 8.e4 c6
9.h3 Qb6 10.Rb1 Qb4 11.dxe5 Nxe5 12.Nxe5 dxe5 13.Qd3 Be6 14.b3 Rad8 15.Qc2 Nh5
16.Bb2 f5 17.Rbd1 f4 18.Rxd8 Rxd8 19.g4 f3 20.Bxf3 Nf4 21.Bg2 Rd3 22.Kh2 Qe7
23.Ne2 Qd8 24.Nxf4 exf4 25.Bxg7 Kxg7 26.f3 Rd2 27.Qc3+ Qd4  1/2-1/2

[Event "Madrid-ch"]
[Site "Madrid"]
[Date "1995.??.??"]
[Round "9"]
[White "Blasco, Miguel"]
[Black "Moreno Ruiz, Javier"]
[Result "1/2-1/2"]
[WhiteElo "2175"]
[BlackElo "2305"]

1.Nf3 Nf6 2.c4 g6 3.g3 Bg7 4.Bg2 O-O 5.O-O d6 6.d4 Nc6 7.Nc3 a6 8.h3 Rb8
9.a4 Na5 10.b3 c5 11.Be3 b6 12.Rc1 Bb7 13.d5 e6 14.dxe6 fxe6 15.Bf4 Ne8 16.Ng5 Bxg2
17.Kxg2 Qd7 18.Kh2 Rd8 19.e4 h6 20.Nf3 Qf7 21.Ng1 Nf6 22.Rb1 d5 23.cxd5 exd5
24.exd5 Nxd5 25.Nxd5 Rxd5 26.Qe2 Rd4 27.Be3 Rb4 28.Qxa6 Nxb3 29.Ne2 Qf3 30.Nf4 c4
31.Qa7 Qc6 32.Rbd1 Rxa4 33.Qxb6 Qxb6 34.Bxb6 c3 35.Be3 Ra6 36.Rd7 Rf7 37.Rd8+ Kh7
38.Rc8 Ra2 39.Rc6 Nd2 40.Rc1 Ne4 41.Kg2 g5 42.Nd3 Re2 43.Re6 Nxf2 44.Nxf2 Rfxf2+
45.Bxf2 Rxe6 46.Kf3 Rc6 47.Rc2 Kg6 48.Be1 Rb6 49.Rc1 Kf5 50.g4+ Ke6 51.Ke4 Rc6
52.Rc2 Be5 53.Kd3 Rd6+ 54.Ke3 Rb6 55.Kd3 Kd5 56.Re2 Bf6 57.Rf2 Rc6 58.Rf5+ Ke6
59.Kc2 Rc4 60.Ra5 Re4 61.Ra6+ Kf7 62.Bxc3 Bxc3 63.Kxc3 Re3+ 64.Kd4 Rxh3 65.Ke4  1/2-1/2

[Event "CRO-chT"]
[Site "Makarska Tucepi"]
[Date "1995.??.??"]
[Round "?"]
[White "Dizdarevic, Emir"]
[Black "Brigljevic, Milan"]
[Result "1-0"]
[WhiteElo "2500"]
[BlackElo "2305"]

1.Nf3 Nf6 2.g3 g6 3.c4 Bg7 4.Bg2 O-O 5.d4 d6 6.O-O c5 7.Nc3 Nc6 8.d5 Na5
9.Nd2 e5 10.e4 Ng4 11.h3 Nh6 12.b3 f5 13.exf5 gxf5 14.Bb2 Bd7 15.Qc2 b6 16.Rae1 Qg5
17.Ne2 f4 18.g4 Bxg4 19.hxg4 Nxg4 20.Nf3 Qh5 21.Rb1 Rf6 22.Rfe1 Rg6 23.Nc3 Nf6
24.Ne4 Qg4 25.Kf1 Qxg2+ 26.Ke2 Nxe4 27.Qxe4 Qh3 28.Rh1 Qd7 29.Rxh7 Qf7 30.Rhh1 Rf8
31.Rbg1 Rxg1 32.Qh7+  1-0

[Event "Manresa op"]
[Site "Manresa"]
[Date "1995.??.??"]
[Round "5"]
[White "Marin, Mihail"]
[Black "Vidarte Morales, Arturo"]
[Result "1/2-1/2"]
[WhiteElo "2520"]
[BlackElo "2355"]

1.c4 Nf6 2.Nf3 g6 3.g3 Bg7 4.Bg2 O-O 5.O-O d5 6.d4 Nc6 7.Nbd2 dxc4 8.Nxc4 Be6
9.b3 Nd5 10.Bb2 Nb6 11.Rc1 Bd5 12.e3 Re8 13.Qe2 Nxc4 14.bxc4 Be4 15.Rfd1 Qc8
16.c5 Qg4 17.h3 Bxf3 18.Qxf3 Qxf3 19.Bxf3 e6 20.Bc3 Rab8 21.Rb1 Nd8 22.Rb3 b6
23.Rdb1 e5 24.Ra3 exd4 25.Bxd4 Bxd4 26.exd4 Ne6 27.Bc6 Red8 28.d5 Nxc5 29.Rxa7 Rbc8
30.Re1 Kf8 31.Re3 Rd6 32.a4 h5 33.h4 Rdd8 34.Kg2 Rd6 35.f3 Nd7 36.Bb7 Rd8
37.Rc3 Nf6 38.Rxc7 R8d7 39.Ra8+ Kg7 40.Rxd7 Rxd7 41.Bc6 Rd6 42.a5 bxa5 43.Rxa5 Ng8
44.g4 Ne7 45.Rc5 hxg4 46.fxg4 Rd8 47.Kf3 f5 48.g5 Rc8 49.Rc4 Rd8 50.Ra4 Rd6
51.Ba8 Kf7 52.Ra7 Kf8 53.Kf4 Rd8 54.Ke5 Nc8 55.Rc7 Nd6 56.Bc6 Nf7+ 57.Kd4 Rb8
58.Bb7 Re8 59.Bc8 Re4+ 60.Kc5 Rxh4 61.Rc6 Kg7 62.Rc7 Kf8  1/2-1/2

[Event "Mar del Plata op"]
[Site "Mar del Plata"]
[Date "1995.??.??"]
[Round "5"]
[White "Szmetan, Jorge"]
[Black "Zarnicki, Pablo"]
[Result "1-0"]
[WhiteElo "2435"]
[BlackElo "2520"]

1.Nf3 Nf6 2.c4 g6 3.g3 Bg7 4.Bg2 O-O 5.O-O d6 6.Nc3 e5 7.d4 Nbd7 8.e4 exd4
9.Nxd4 Re8 10.h3 Nc5 11.Re1 Bd7 12.Bf4 h6 13.Rb1 a6 14.b4 Ne6 15.Nxe6 Bxe6
16.Nd5 Nd7 17.Rc1 Ne5 18.Be3 a5 19.b5 b6 20.Bd4 Bxd5 21.cxd5 Nd7 22.Bxg7 Kxg7
23.Qd4+ f6 24.f4 Nc5 25.Rc3 Qd7 26.Rce3 Qxb5 27.e5 fxe5 28.fxe5 Qa4 29.Qa1 dxe5
30.Rxe5 Kf7 31.d6  1-0

[Event "Minsk"]
[Site "Minsk"]
[Date "1995.??.??"]
[Round "12"]
[White "Drogoon, A."]
[Black "Dydyshko, Viacheslav"]
[Result "0-1"]
[WhiteElo "2340"]
[BlackElo "2495"]

1.c4 Nf6 2.Nf3 g6 3.g3 Bg7 4.Bg2 O-O 5.O-O d6 6.Nc3 e5 7.d4 Nbd7 8.Qc2 Re8
9.Rd1 c6 10.b3 e4 11.Ng5 e3 12.fxe3 Ng4 13.Nge4 Ndf6 14.Qd3 Nxe4 15.Bxe4 Bh6
16.h3 f5 17.Bd5+ cxd5 18.hxg4 Re4 19.cxd5 Rxg4 20.Kf2 Qe7 21.Rh1 Bg5 22.Bd2 Bd7
23.Rac1 h5 24.Nd1 Qf7 25.Rc7 Rb8 26.Rh2 Bd8 27.Rc1 h4 28.gxh4 Rxh4 29.Rg2 Rh1
30.Rg1 Qh7 31.e4 Qh2+ 32.Rg2 Bh4+ 33.Kf3 Qh3+  0-1

[Event "Mitropa Cup"]
[Site "?"]
[Date "1995.??.??"]
[Round "2"]
[White "Bosboom, Manuel"]
[Black "Belotti, Bruno"]
[Result "1/2-1/2"]
[WhiteElo "2430"]
[BlackElo "2405"]

1.c4 g6 2.Nf3 Bg7 3.g3 Nf6 4.Bg2 O-O 5.O-O Nc6 6.Nc3 d6 7.Rb1 a5 8.a3 e5
9.d3 Bf5 10.Bg5 h6 11.Bxf6 Bxf6 12.Nd2 Bg7 13.b4 axb4 14.axb4 Qd7 15.b5 Nd8
16.Nd5 Ra2 17.Ne4 Bxe4 18.Bxe4 h5 19.e3 Ra8 20.Nb4 Rb8 21.Ra1 Ne6 22.Ra7 Nc5
23.Bg2 f5 24.d4 exd4 25.exd4 Ne4 26.Nd5 Rfe8 27.Qd3 Qd8 28.h4 c6 29.bxc6 bxc6
30.Nf4 Qb6 31.Bxe4 fxe4 32.Qa3 Bxd4 33.Ra6 Qb3 34.Qxb3 Rxb3 35.Kg2 e3 36.Rxc6 Be5
37.fxe3 Rxe3 38.Rf3 Rxf3 39.Kxf3 Rf8 40.c5 dxc5 41.Rxg6+ Kh7 42.Rc6 Bxf4
43.gxf4 Ra8 44.Ke4 Ra1 45.Rxc5 Kh6 46.Kf5 Rg1 47.Rc6+ Kg7 48.Rc7+ Kh6 49.Ke5 Rg4
50.Rc6+ Kg7 51.f5 Rxh4 52.Rc7+ Kg8 53.Kf6 Rh1 54.Rg7+ Kf8 55.Rf7+ Kg8 56.Rg7+ Kf8  1/2-1/2

[Event "Moscow7"]
[Site "Moscow"]
[Date "1995.??.??"]
[Round "?"]
[White "Zhidkov, Valery S"]
[Black "Belozerov, Andrei"]
[Result "0-1"]
[WhiteElo "2315"]
[BlackElo "2325"]

1.Nf3 Nf6 2.c4 g6 3.g3 Bg7 4.Bg2 O-O 5.O-O d6 6.d4 Nbd7 7.Qc2 e5 8.Rd1 Re8
9.Nc3 c6 10.e4 exd4 11.Nxd4 Qe7 12.Bf4 Ne5 13.b3 Nh5 14.Be3 Ng4 15.Bc1 f5
16.exf5 Bxd4 17.Rxd4 Qe1+ 18.Bf1 Bxf5 19.Qd2 Nxh2 20.Kxh2 Qxf1 21.Bb2 Qh3+
22.Kg1 Bg4 23.Rd3 Re6 24.Re3 Rae8 25.Rxe6 Rxe6 26.Qd3 Nf4 27.Qf1 Qh5 28.f3 Nh3+
29.Kg2 Ng5 30.fxg4 Qh3+ 31.Kg1 Qxg3+ 32.Kh1 Nf3  0-1

[Event "Moscow7"]
[Site "Moscow"]
[Date "1995.??.??"]
[Round "?"]
[White "Zhidkov, Valery S"]
[Black "Loskutov, Oleg"]
[Result "1-0"]
[WhiteElo "2315"]
[BlackElo "2305"]

1.Nf3 Nf6 2.c4 g6 3.g3 Bg7 4.Bg2 O-O 5.O-O c5 6.d4 d6 7.Nc3 Nc6 8.h3 cxd4
9.Nxd4 Nxd4 10.Qxd4 Be6 11.Qh4 Rc8 12.b3 d5 13.Rd1 Qa5 14.cxd5 Nxd5 15.Nxd5 Bxd5
16.Bd2 Qb5 17.Bxd5 Bxa1 18.Bc4 Qd7 19.Rxa1 Qxd2 20.Qxe7 Rb8 21.a4 Qd4 22.Re1 Qd8
23.Qc5 a6 24.e4 b5 25.axb5 axb5 26.Bd5 Qc8 27.Qa7 Qc3 28.Re3 Qc1+ 29.Kg2 Rbc8
30.Rf3 Rc7 31.Qa6 Qb2 32.Qxb5 Qa1 33.h4 Kg7 34.Qb4 Rd8 35.Qd2 f6 36.Qb4 f5
37.Qb6 Rc1 38.exf5 Rg1+ 39.Kh3 gxf5 40.Qc7+ Kh6 41.Qf4+ Kg7 42.Qg5+ Kh8 43.Qxd8+  1-0

[Event "Moscow7"]
[Site "Moscow"]
[Date "1995.??.??"]
[Round "?"]
[White "Bondarenko, Vladimir"]
[Black "Aronian, Levon"]
[Result "1/2-1/2"]
[WhiteElo "2310"]
[BlackElo "2330"]

1.Nf3 Nf6 2.c4 g6 3.g3 Bg7 4.Bg2 O-O 5.O-O d5 6.cxd5 Nxd5 7.Nc3 Nxc3 8.bxc3 c5
9.d4 cxd4 10.Nxd4 Qc7 11.Qb3 Nc6 12.Ba3 Nxd4  1/2-1/2

[Event "Moscow-ch op"]
[Site "Moscow"]
[Date "1995.??.??"]
[Round "3"]
[White "Frog, Ilya"]
[Black "Arbakov, Valentin"]
[Result "1-0"]
[WhiteElo "2295"]
[BlackElo "2455"]

1.Nf3 Nf6 2.c4 g6 3.g3 Bg7 4.Bg2 O-O 5.O-O d6 6.d4 Nbd7 7.Nc3 e5 8.e4 c6
9.h3 a6 10.d5 cxd5 11.cxd5 b5 12.a3 Nb6 13.Ne1 Nfd7 14.Nd3 Bb7 15.h4 f5 16.a4 bxa4
17.Nxa4 Nf6 18.Bg5 Nbd7 19.Nb4 Qe8 20.Nc6 Nxe4 21.Bxe4 fxe4 22.Qb3 Bc8 23.Qb4 Nc5
24.Be7 Bh3 25.Bxf8 Qxf8 26.Nxc5 dxc5 27.Qxe4 Bxf1 28.Kxf1 Qd6 29.Ra3 Bf6
30.Rb3 Bg7 31.Rb7 Rf8 32.Kg2 h5 33.Re7 Rf6 34.Rxe5 Kh7  1-0

[Event "Moscow op2"]
[Site "Moscow"]
[Date "1995.??.??"]
[Round "8"]
[White "Vaulin, Alexander"]
[Black "Pankratov, A."]
[Result "1-0"]
[WhiteElo "2490"]
[BlackElo "2325"]

1.Nf3 Nf6 2.c4 g6 3.g3 Bg7 4.Bg2 O-O 5.d4 d6 6.O-O Nbd7 7.Nc3 e5 8.e4 exd4
9.Nxd4 Re8 10.h3 Nc5 11.Re1 a5 12.b3 c6 13.Bf4 Nh5 14.Be3 Nf6 15.Qc2 Qe7
16.Rad1 Ne6 17.Nxe6 Bxe6 18.Qd2 Nd7 19.Bd4 Ne5 20.f4 c5 21.Bf2 Nc6 22.Nb5 Red8
23.Nxd6 Nd4 24.e5 Bxh3 25.Bxd4 Bxg2 26.Qxg2 Rxd6 27.exd6 Bxd4+ 28.Kh2 Qxd6
29.Qxb7 Rf8 30.Qd5 Qf6 31.Re4 Rd8 32.Qg5 Qb6 33.f5 Rb8 34.fxg6 hxg6 35.Rf1 Rf8
36.Re7 Qf6 37.Ra7 Be5 38.Qe3 Kg7 39.Kg2 Qe6 40.Qxc5 Bb8 41.Re7 Qg4 42.Qf2 Kh6
43.Qe3+ Kg7 44.Qf3  1-0

[Event "Mravinci-A"]
[Site "Mravinci"]
[Date "1995.??.??"]
[Round "?"]
[White "Dizdarevic, Emir"]
[Black "Stevic, Hrvoje"]
[Result "1/2-1/2"]
[WhiteElo "2465"]
[BlackElo "2300"]

1.Nf3 Nf6 2.g3 g6 3.Bg2 Bg7 4.c4 O-O 5.d4 c5 6.O-O Nc6 7.d5 Na5 8.Qc2 d6
9.Nfd2 e5 10.Nc3 Ng4 11.h3 Nh6 12.e4 f5 13.exf5 gxf5 14.b3 b6 15.Bb2 Bd7
16.Nd1 Qg5 17.Qd3 Rae8 18.f4 exf4 19.gxf4 Qe7 20.Bxg7 Qxg7 21.Rc1 Rf6 22.Rc2 Rg6
23.Nf3 Nf7 24.Kh2 Qh6 25.Ng1 Qh4 26.Re2 Rxe2 27.Nxe2 Nh6 28.Ne3 Nb7 29.Bf3 Ng4+
30.Nxg4 fxg4 31.Bg2 gxh3 32.Be4 Rg4 33.Bf3 Rg7 34.Qe3 Nd8 35.Kh1 Nf7 36.Be4 Nh6
37.f5 Re7 38.Qg3+ Qxg3 39.Nxg3 Ng4 40.f6 Rf7 41.Nh5 Rf8 42.Rf4 Kf7 43.Bf3 Nf2+
44.Kh2 Nd3 45.Rh4 Ne5 46.Be2 Ng6 47.Re4 Bf5 48.Re3 Ne5 49.Rg3 Rg8 50.Ng7 Bg6
51.Nh5 Nd7 52.Bg4 Nf8  1/2-1/2

[Event "JUG-chT"]
[Site "Nis"]
[Date "1995.??.??"]
[Round "?"]
[White "Aleksic, Nenad"]
[Black "Dinic, Dragan"]
[Result "1/2-1/2"]
[WhiteElo "2435"]
[BlackElo "2270"]

1.Nf3 Nf6 2.c4 g6 3.g3 Bg7 4.Bg2 O-O 5.O-O c6 6.d4 d5 7.Nc3 dxc4 8.e4 b5
9.e5 Nd5 10.a4 b4 11.Ne4 a5 12.Re1 Na6 13.Qc2 Nb6 14.Bd2 Be6 15.Qc1 b3 16.Bxa5 Qb8
17.Neg5 Bd5 18.e6 f6 19.Nf7 Nc7 20.Bxb6 Qxb6 21.Nh6+ Kh8 22.Nf7+ Kg8 23.Nh6+ Kh8
24.Nf7+ Kg8  1/2-1/2

[Event "JUG-ch sf (Women)"]
[Site "Nis"]
[Date "1995.??.??"]
[Round "?"]
[White "Zivkovic, Vesna"]
[Black "Jovanovic, Sanja"]
[Result "1-0"]
[WhiteElo "2190"]
[BlackElo "2110"]

1.Nf3 Nf6 2.g3 g6 3.Bg2 Bg7 4.c4 O-O 5.O-O c5 6.Nc3 d6 7.d4 Nbd7 8.e3 a6
9.b3 Rb8 10.a4 b6 11.Bb2 Bb7 12.d5 Ne4 13.Qc2 Nxc3 14.Bxc3 Nf6 15.e4 e6 16.dxe6 Bxe4
17.Qe2 d5 18.Ng5 Bxg2 19.Kxg2 Qe7 20.Be5 Rb7 21.exf7+ Kh8 22.cxd5 h6 23.Ne6 Rxf7
24.Nxg7 Kxg7 25.Rae1 Kh7 26.d6 Qe6 27.Qc4 Qf5 28.f4 Rfd7 29.Bxf6 Qxf6 30.Re6 b5
31.axb5 axb5 32.Qe4 Qf5 33.Qxf5 gxf5 34.Rc1 Rb6 35.Rxc5 Rdxd6 36.Rxd6 Rxd6
37.Rxf5 Rd2+ 38.Kh3 b4 39.Rb5 Rd4 40.Kg4 Kg6 41.Rb6+  1-0

[Event "JUG-chT"]
[Site "Nis"]
[Date "1995.??.??"]
[Round "?"]
[White "Damljanovic, Branko"]
[Black "Antic, Dejan"]
[Result "1/2-1/2"]
[WhiteElo "2575"]
[BlackElo "2375"]

1.Nf3 Nf6 2.c4 g6 3.g3 Bg7 4.Bg2 O-O 5.O-O Re8 6.d4 d6 7.Nc3 Nbd7 8.e4 e5
9.d5 Nc5 10.Re1 a5 11.h3 c6 12.Bf1 Bd7 13.Nd2 Qc8 14.Kh2 a4 15.Rb1 h5 16.Qe2 Nh7
17.Bg2 h4 18.Nf3 hxg3+ 19.fxg3 Qd8 20.Be3 Qa5 21.Red1 f5 22.dxc6 Bxc6 23.Nh4 f4
24.Bf2 Re6 25.Nf3 fxg3+ 26.Bxg3 Rf8 27.Qe3 Qb4 28.Qe2 Bh6 29.Ne1 Bf4 30.Nc2 Qa5
31.Rf1 Ref6 32.Bxf4 exf4 33.Nd4 Ng5 34.Nd5 Bxd5 35.exd5 Qb6 36.Qg4 Nge4 37.Ne6 Nxe6
38.dxe6 Nd2 39.e7 Nxf1+ 40.Rxf1 Rb8 41.Qd7 Qxb2 42.e8=Q+ Rxe8 43.Qxe8+ Kg7
44.Rf3 Qxa2 45.Qe4 Qb2 46.Qe1 b5 47.cxb5 Qxb5 48.Qe7+ Rf7 49.Qxd6 Qb2 50.Qc5 Rf5
51.Qa7+ Kh6 52.Rf2 Qb3 53.Rf3 Qb2  1/2-1/2

[Event "NLD-chT9596"]
[Site "?"]
[Date "1995.??.??"]
[Round "?"]
[White "Van Doeland, Julius H"]
[Black "Maes, Wim"]
[Result "1/2-1/2"]
[WhiteElo "2310"]
[BlackElo "2170"]

1.Nf3 Nf6 2.c4 g6 3.g3 Bg7 4.Bg2 O-O 5.O-O d6 6.d4 Nc6 7.Nc3 a6 8.Bd2 Nd7
9.e3 Rb8 10.Rc1 Na5 11.b3 c5 12.Qe1 Nc6 13.d5 Nce5 14.Nxe5 Nxe5 15.Rc2 b5
16.f4 Nd7 17.Nd1 Nf6 18.Nf2 e6 19.Bc3 Re8 20.Re2 bxc4 21.bxc4 exd5 22.Bxf6 Bxf6
23.Bxd5 Rb6 24.Qa5 Rb4 25.Qxd8 Rxd8 26.Ne4 Be7 27.Rc1 h6 28.Rd2 Kg7 29.Kg2 f5
30.Nc3  1/2-1/2

[Event "CZE-ch"]
[Site "Olomouc"]
[Date "1995.??.??"]
[Round "?"]
[White "Konopka, Michal"]
[Black "Gross, Stefan"]
[Result "1/2-1/2"]
[WhiteElo "2395"]
[BlackElo "2370"]

1.Nf3 Nf6 2.c4 g6 3.g3 Bg7 4.Bg2 O-O 5.d4 d6 6.O-O c6 7.Nc3 Qa5 8.e4 Bg4
9.h3 Bxf3 10.Bxf3 e5 11.dxe5 dxe5 12.Qb3 Na6 13.Be3 Nc5 14.Qc2 Ne6 15.Rfd1 Rfd8
16.Qa4 Qxa4 17.Nxa4 Nd4 18.Bxd4 exd4 19.Nc5 Rab8 20.Bg2 Nd7 21.Nd3 Ne5 22.b3 Nxd3
23.Rxd3 a5 24.f4 Bf8 25.e5 a4 26.Kf1 axb3 27.axb3 Bc5 28.Bf3 Ra8 29.Ra4 Rxa4
30.bxa4 Ra8 31.Bd1 Ra5 32.Ke2 b5 33.cxb5 cxb5 34.axb5 Rxb5 35.Bb3 Kg7 36.Kf3 Bb6
37.Ke4 f5+ 38.exf6+ Kxf6 39.g4 g5 40.h4 gxf4 41.Kxf4 h6 42.Rf3 Re5 43.Kg3+ Kg6
44.Bc2+ Kg7  1/2-1/2

[Event "CZE-ch"]
[Site "Olomouc"]
[Date "1995.??.??"]
[Round "?"]
[White "Konopka, Michal"]
[Black "Neumann, Peter"]
[Result "1/2-1/2"]
[WhiteElo "2395"]
[BlackElo "2145"]

1.Nf3 Nf6 2.c4 g6 3.g3 Bg7 4.Bg2 O-O 5.d4 d6 6.O-O c6 7.Nc3 Bf5 8.b3 Ne4
9.Bb2 Nxc3 10.Bxc3 Be4 11.e3 d5 12.Qe2 Na6 13.Rfd1 e6 14.Bh3 Bxf3 15.Qxf3 f5
16.Qe2 Re8 17.Rac1 Qe7 18.Qb2 Bf8 19.f3 Qg5 20.Qf2 Bb4 21.Bb2 Rf8 22.Bf1 Nc7
23.Bd3 Bd6 24.f4 Qd8 25.g4 Ne8 26.g5 Bc7 27.Kg2 Rf7 28.Rh1 Nd6 29.h4 Ne4
30.Bxe4 fxe4 31.h5 Bd6 32.Bc3 Rg7 33.Rh3 Kf7 34.Rch1 Ke7 35.Qd2 Kd7 36.Bb4 Qe7
37.Bxd6 Qxd6 38.hxg6 hxg6 39.Qa5 b6 40.Rh7 Qe7 41.Qa6 Kc7 42.Rh8 Qb4 43.Rd1 Rxh8
44.Qxa7+ Kd6 45.Qxg7 Ra8 46.Kg3 Qc3 47.c5+ bxc5 48.dxc5+ Qxc5  1/2-1/2

[Event "CRO-chT2"]
[Site "Opatija"]
[Date "1995.??.??"]
[Round "?"]
[White "Prizmic, Miodrag"]
[Black "Vitic, Ivan"]
[Result "1/2-1/2"]
[WhiteElo "2290"]
[BlackElo "2230"]

1.Nf3 Nf6 2.c4 g6 3.g3 Bg7 4.Bg2 O-O 5.O-O d6 6.d4 Nc6 7.d5 Na5 8.Nfd2 c5
9.Nc3 a6 10.Qc2 Rb8 11.b3 b5 12.Bb2 Bh6 13.f4 bxc4 14.bxc4 e5 15.dxe6 Bxe6
16.Nd5 Rxb2 17.Qxb2 Bg7 18.Qa3 Nxc4 19.Nxc4 Nxd5 20.Rac1 Nb4 21.Rfd1 d5 22.Ne5 Qb6
23.Qb2 c4+ 24.Kh1 Qc5 25.Qd2 Bxe5 26.fxe5 Rd8 27.e3 Rc8 28.Rc3 Nd3 29.h3  1/2-1/2

[Event "Paris op"]
[Site "Paris"]
[Date "1995.??.??"]
[Round "?"]
[White "Djuric, Stefan"]
[Black "Skripchenko, Almira"]
[Result "1-0"]
[WhiteElo "2460"]
[BlackElo "2260"]

1.Nf3 Nf6 2.c4 g6 3.g3 Bg7 4.Bg2 O-O 5.O-O d6 6.Nc3 e5 7.d3 Nc6 8.Rb1 a5
9.a3 h6 10.b4 axb4 11.axb4 Be6 12.b5 Ne7 13.Bb2 Nd7 14.Ra1 Rxa1 15.Qxa1 Nc5
16.Nd2 Qd7 17.Na4 Nxa4 18.Qxa4 Bh3 19.Bxh3 Qxh3 20.Qa7 Qc8 21.e4 h5 22.f4 h4
23.Qf2 hxg3 24.hxg3 exf4 25.Bxg7 Kxg7 26.Qxf4 f6 27.Kg2 Qe6 28.Nf3 g5 29.Nxg5 Qc8
30.Nf3 Ng6 31.Qf5 Qa8 32.Nd4  1-0

[Event "Passau op"]
[Site "Passau"]
[Date "1995.??.??"]
[Round "?"]
[White "Zaichik, Gennadi"]
[Black "Sand, Rolf"]
[Result "1-0"]
[WhiteElo "2520"]
[BlackElo "2140"]

1.Nf3 Nf6 2.c4 g6 3.g3 Bg7 4.Bg2 O-O 5.O-O d6 6.Nc3 e5 7.d4 Nbd7 8.e4 a6
9.Rb1 b5 10.cxb5 axb5 11.b4 c6 12.Qc2 Bb7 13.Rd1 exd4 14.Nxd4 Qb8 15.Nb3 Rd8
16.Na5 Ne8 17.a4 bxa4 18.Nxa4 Rc8 19.Bh3 Rc7 20.Bxd7 Rxd7 21.Nc5 Rc7 22.Ncxb7 Rxb7
23.Nxb7 Qxb7 24.Bf4 d5 25.b5 cxb5 26.exd5  1-0

[Event "Polanica Zdroj op"]
[Site "Polanica Zdroj"]
[Date "1995.??.??"]
[Round "9"]
[White "Weglarz, Leszek"]
[Black "Cherevatenko, Roman"]
[Result "0-1"]
[WhiteElo "2350"]
[BlackElo "2420"]

1.Nf3 Nf6 2.c4 g6 3.g3 Bg7 4.Bg2 O-O 5.O-O d6 6.Nc3 Nc6 7.d3 e5 8.Rb1 h6
9.b4 Be6 10.b5 Ne7 11.Bd2 Qc8 12.Qc1 Kh7 13.Qa3 Nfg8 14.Nd5 f5 15.Nxe7 Nxe7
16.c5 Qd7 17.cxd6 cxd6 18.Bb4 Rfd8 19.Rfc1 Nd5 20.Ba5 Nb6 21.Nd2 d5 22.Nb3 Bg8
23.Nc5 Qe7 24.Bb4 Qf7 25.Qb3 Rab8 26.a4 Nd7 27.Nxd7 Rxd7 28.Rc2 Re8 29.Rbc1 h5
30.Rc8 h4 31.Rxe8 Qxe8 32.Qc2 hxg3 33.hxg3 Be6 34.Qc8 Qf7 35.Qb8 b6 36.Bd6 Qf6
37.Rc6 e4 38.Bc7 Rf7 39.d4 Qe7 40.e3 Bd7 41.Bd6 Qe6 42.Rc1 g5 43.Bc7 Qe7
44.Bd6 Qe6 45.Bb4 f4 46.Qd6 Qf5 47.Be1 Bf8 48.Qb8 f3 49.Bf1 Qe6 50.a5 Bd6
51.Qd8 bxa5 52.Qxa5 Qh6 53.Qxa7 Be6 54.Qa8 Rf8 55.Qb7+ Kg6 56.Bd3 exd3  0-1

[Event "POR-ch"]
[Site "POR"]
[Date "1995.??.??"]
[Round "4"]
[White "Vitor, Antonio"]
[Black "Reis, Luis Sousa"]
[Result "1-0"]
[WhiteElo "2225"]
[BlackElo "2175"]

1.Nf3 Nf6 2.c4 g6 3.g3 Bg7 4.Bg2 O-O 5.O-O c5 6.d4 cxd4 7.Nxd4 Nc6 8.Nc3 Ne5
9.b3 d6 10.Bb2 h5 11.h3 Bd7 12.e4 Qb6 13.Rb1 Nc6 14.Nc2 Ne8 15.Qd2 Kh7 16.Kh1 Qa5
17.a3 Rc8 18.f4 e6 19.e5 Ne7 20.Ne3 Bc6 21.exd6 Bxg2+ 22.Kxg2 Nxd6 23.Qxd6 Nf5
24.Nxf5 gxf5 25.Qd3 Rcd8 26.Qc2 Rg8 27.Kh2 Bh6 28.b4 Qc7 29.Nb5 Qe7 30.Nd4 Rg6
31.Rbe1 h4 32.g4 Qd6 33.gxf5 Bxf4+ 34.Kh1 Rg3 35.fxe6+ Kh6 36.Nf5+ Kh5 37.Nxg3+ hxg3
38.Qf5+ Bg5 39.Qxf7+  1-0